000 00866nab a2200253 u 4500
001 10436
003 HDC
007 cr bn ---aaaaa
008 210204c20140813 |r|nos 0 a eng d
040 _aHDC
100 _aP Prem Kumar
_eauthor
_910687
110 _aMalaysian Reserve
245 0 _aPharmaceutical industry at crucial juncture to innovate / by
_cP Prem Kumar
260 _a[no place] :
_b[publisher not identified],
_c2014
336 _atext
_2rdacontent
337 _acomputer
_2rdamedia
338 _aonline resource
_2rdacarrier
650 _ahealthcare sector
_910688
650 _aPharmaceutical industry
_9799
856 _zRequest full-text at [email protected]
942 _2lcc
942 _cNEWS
942 _kNWSO 000195
999 _c7759
_d7759